| 000 | 00431nam a2200133Ia 4500 | ||
|---|---|---|---|
| 003 | GCL | ||
| 008 | 140319s9999 xx 000 0 ara d | ||
| 040 |
_aGCL / _cGCL |
||
| 082 | 0 | 4 |
_a956.02 _bت ق |
| 100 | 1 | _aتوفيق برو | |
| 245 | 1 | 0 |
_aالقضية العربية فى الحرب العالمية الاولى 1914 - 1918 / _cتوفيق برو |
| 300 | _a477 ص | ||
| 490 |
_aالهيئة العامة للاستعلامات _v0 |
||
| 999 |
_c49315 _d49315 |
||